| 000 | 01438nam a2200373 a 4500 | ||
|---|---|---|---|
| 001 | ebr10210077 | ||
| 003 | CaPaEBR | ||
| 006 | m u | ||
| 007 | cr cn||||||||| | ||
| 008 | 070409s2007 nyu sb 000 0 eng | ||
| 010 | _z 2007015067 | ||
| 020 | _z9780814799475 (alk. paper) | ||
| 020 | _z0814799477 (alk. paper) | ||
| 020 | _z9780814799482 (pbk. : alk. paper) | ||
| 020 | _z0814799485 (pbk. : alk. paper) | ||
| 040 |
_aCaPaEBR _cCaPaEBR |
||
| 035 | _a(OCoLC)550477897 | ||
| 050 | 1 | 4 |
_aPE1449 _b.K49 2007eb |
| 082 | 0 | 4 |
_a428.1 _222 |
| 245 | 0 | 0 |
_aKeywords for American cultural studies _h[electronic resource] / _cedited by Bruce Burgett and Glenn Hendler. |
| 260 |
_aNew York : _bNew York University Press, _cc2007. |
||
| 300 | _avii, 288 p. | ||
| 504 | _aIncludes bibliographical references (p. 247-282). | ||
| 533 |
_aElectronic reproduction. _bPalo Alto, Calif. : _cebrary, _d2013. _nAvailable via World Wide Web. _nAccess may be limited to ebrary affiliated libraries. |
||
| 650 | 0 | _aVocabulary. | |
| 650 | 0 |
_aSocial structure _vTerminology. |
|
| 650 | 0 |
_aCulture _vTerminology. |
|
| 651 | 0 |
_aUnited States _xCivilization. |
|
| 655 | 7 |
_aElectronic books. _2local |
|
| 700 | 1 |
_aBurgett, Bruce, _d1963- |
|
| 700 | 1 |
_aHendler, Glenn, _d1962- |
|
| 710 | 2 | _aebrary, Inc. | |
| 856 | 4 | 0 |
_uhttp://site.ebrary.com/lib/rucke/Doc?id=10210077 _zAn electronic book accessible through the World Wide Web; click to view |
| 999 |
_c227040 _d227040 |
||